Polskie filmy nominowane do Oskara - Statystyki

Ogólne statystyki
  • Ten quiz został rozwiązany 639 razy
  • Średni wynik to 4 z 10
Statystyki odpowiedzi
Hint Odpowiedź % Poprawnych
2007 Katyń
65%
1981 Człowiek z żelaza
63%
1963 Nóż w wodzie
53%
1974 Potop
52%
2011 W ciemności
50%
1975 Ziemia obiecana
46%
1966 Faraon
36%
1976 Noce i dnie
28%
1979 Panny z Wilka
28%
2007 Piotruś i wilk
18%
Nie znaleziono quizów pasujących do podanych kryteriów
Rozkład punktacji
Procent ludzi z każdym wynikiem
Percentyl według liczby udzielonych odpowiedzi
Twoja historia wyników
Nie rozwiązałeś tego quizu